00462nam a2200145Ia 4500008004100000020001500041041000800056082001700064100004000081245010600121250000600227260003000233300001300263650004000276210716s2008 xx 000 0 und d a0415437628 aeng a658.406 ALVM aAlvesson, mats;Sveningsson, Stefan. aChanging organizational culture: cultural change work in progress.bCultural change work in progress. a1 aNew YorkbRoutledgec2008 axiii,194 aOrganizational Development & Change